000
00236nam a2200097Ia 4500
005
20251222141828.0
008
251222s9999||||xx |||||||||||||| ||spa||
082
_a
709.45/A78
245
0
_a
Artisti italiani per il Museo di Lima
942
_c
LIB
999
_c
7018
_d
7018